| 000 | 01023nam0a22002411 4500 | ||
|---|---|---|---|
| 001 | v19\rc\2087743 | ||
| 005 | 20260406183645.0 | ||
| 035 | _a(NLR Aleph) 005157779 | ||
| 090 |
_a4959663 _c4959663 |
||
| 100 | _a20081218d1913 |||y0rusy50 ca | ||
| 101 | 0 | _arus | |
| 102 | _aRU | ||
| 105 | _ay z ||||| | ||
| 200 | 1 |
_aФизическое развитие и обучение военному строю _e(16 уроков) _eПрограмма _aОбъяснительная записка _aПеречень выставленных экспонатов _fВсерос. выставка 1913 г. в Киеве. Учеб. отд. М-ва торг. и пром. Киев. 1-е коммерч. училище |
|
| 210 |
_aКиев _d[1913] |
||
| 215 | _a3 с. | ||
| 309 | _aБез тит. л. и обл. | ||
| 710 | 0 | 2 |
_aКиевское коммерческое уч-ще _c1 _9393398 _3RU\NLR\AUTH\889948877 |
| 801 | 0 |
_aRU _bNLR _gpsbo |
|
| 801 | 1 |
_aRU _bProSoft-M _2rusmarc |
|
| 852 |
_aNLR _j20.33.9.49 |
||
| 942 | _cBOOK | ||
| 980 | _aNB | ||